50 case studies for management and supervisory training /

Bibliographic Details
Main Author: Clardy, Alan
Format: Book
Published: Amherst, MA: Human Resource Development, 1994.
Subjects:
LEADER 00601cam a2200205 7i4500
001 0000010433
005 20151104090000.0
005 ##20151104112200.0
003 ##MY-KlINT
020 # # |a 0874259770  
039 # 9 |y 201511041122  |z VLOAD 
090 0 0 |a S 658.022   |b CLA 
100 1 # |a Clardy, Alan 
245 0 0 |a 50 case studies for management and supervisory training /   |c Alan Clardy. 
260 # # |a Amherst, MA:   |b Human Resource Development,   |c 1994. 
300 # # |a various pagination. 
650 # 0 |a Management --   |x Case Studies  
650 # 0 |a Case Studies  
650 # 0 |a Training  
999 |a 0000059655  |b BOOK  |c Staff  |e INTAN BK